[Event "I cerrado Memorial Alfonso Pizarroso"]
[Site "Xativa"]
[Date "2018.07.01"]
[Round "5.2"]
[White "Kovacevic, Slobodan"]
[Black "Fenollar Jorda, Manuel"]
[Result "1-0"]
[BlackElo "2352"]
[WhiteElo "2292"]
[LiveChessVersion "1.4.8"]

1. d4 {[%clk 0:07:05]} d5 {[%clk 0:07:05]} 2. Bf4 {[%clk 0:07:06]} c5
{[%clk 0:07:06]} 3. e3 {[%clk 0:07:08]} Nc6 {[%clk 0:07:05]} 4. c3
{[%clk 0:07:10]} Nf6 {[%clk 0:06:58]} 5. Nd2 {[%clk 0:07:11]} Bf5
{[%clk 0:06:00]} 6. Qb3 {[%clk 0:07:12]} Qd7 {[%clk 0:05:51]} 7. Ngf3
{[%clk 0:07:08]} e6 {[%clk 0:05:51]} 8. h3 {[%clk 0:07:08]} Bd6 {[%clk 0:05:28]}
9. Bxd6 {[%clk 0:06:38]} Qxd6 {[%clk 0:05:30]} 10. Qxb7 {[%clk 0:06:37]} Rb8
{[%clk 0:05:17]} 11. Qa6 {[%clk 0:06:38]} O-O {[%clk 0:04:11]} 12. Qa3
{[%clk 0:06:29]} Nd7 {[%clk 0:04:06]} 13. Nb3 {[%clk 0:06:30]} e5
{[%clk 0:03:47]} 14. dxc5 {[%clk 0:06:20]} Qe7 {[%clk 0:03:23]} 15. Be2
{[%clk 0:06:21]} Rfc8 {[%clk 0:03:18]} 16. O-O {[%clk 0:06:15]} Bc2
{[%clk 0:03:13]} 17. Rfc1 {[%clk 0:05:33]} Bxb3 {[%clk 0:03:04]} 18. axb3
{[%clk 0:05:35]} Qxc5 {[%clk 0:03:02]} 19. b4 {[%clk 0:05:36]} Qd6
{[%clk 0:00:46]} 20. b5 {[%clk 0:05:36]} Qxa3 {[%clk 0:00:47]} 21. Rxa3
{[%clk 0:05:38]} Nd8 {[%clk 0:00:49]} 22. Rxa7 {[%clk 0:05:40]} Nb7
{[%clk 0:00:46]} 23. Rd1 {[%clk 0:05:33]} e4 {[%clk 0:00:39]} 24. Nd4
{[%clk 0:05:35]} Ne5 {[%clk 0:00:32]} 25. Nf5 {[%clk 0:05:07]} 1-0

[Event "I cerrado Memorial Alfonso Pizarroso"]
[Site "Xativa"]
[Date "2018.07.01"]
[Round "5.3"]
[White "Camarena Gimenez, Rufino"]
[Black "Cruz Lledo, Pablo"]
[Result "1-0"]
[BlackElo "2443"]
[WhiteElo "2354"]
[LiveChessVersion "1.4.8"]

1. d4 {[%clk 0:07:04]} Nf6 {[%clk 0:07:05]} 2. c4 {[%clk 0:07:05]} g6
{[%clk 0:07:06]} 3. Nc3 {[%clk 0:07:07]} Bg7 {[%clk 0:07:07]} 4. e4
{[%clk 0:07:09]} d6 {[%clk 0:07:06]} 5. Nf3 {[%clk 0:07:10]} O-O {[%clk 0:07:07]}
6. Be2 {[%clk 0:07:12]} Nc6 {[%clk 0:06:55]} 7. d5 {[%clk 0:07:13]} Ne5
{[%clk 0:06:36]} 8. Nxe5 {[%clk 0:07:13]} dxe5 {[%clk 0:06:37]} 9. O-O
{[%clk 0:07:14]} e6 {[%clk 0:06:12]} 10. Be3 {[%clk 0:07:13]} Ne8
{[%clk 0:05:51]} 11. Rc1 {[%clk 0:06:59]} f5 {[%clk 0:05:52]} 12. f3
{[%clk 0:06:40]} a6 {[%clk 0:05:30]} 13. c5 {[%clk 0:06:31]} f4 {[%clk 0:05:11]}
14. Bf2 {[%clk 0:06:32]} g5 {[%clk 0:05:13]} 15. Bc4 {[%clk 0:06:13]} Qf6
{[%clk 0:04:30]} 16. dxe6 Bxe6 {[%clk 0:04:31]} 17. Bxe6+ {[%clk 0:05:43]} Qxe6
{[%clk 0:04:33]} 18. Qd5 {[%clk 0:05:42]} Qxd5 {[%clk 0:03:40]} 19. exd5
{[%clk 0:05:42]} Nf6 {[%clk 0:03:18]} 20. Rfd1 {[%clk 0:05:34]} Rad8
{[%clk 0:03:08]} 21. d6 {[%clk 0:04:53]} c6 {[%clk 0:02:59]} 22. b4
{[%clk 0:04:44]} Rfe8 {[%clk 0:02:43]} 23. Re1 {[%clk 0:04:22]} Nd5
{[%clk 0:02:27]} 24. Ne4 {[%clk 0:04:11]} Nxb4 {[%clk 0:02:21]} 25. Rb1
{[%clk 0:04:12]} a5 {[%clk 0:01:22]} 26. a3 {[%clk 0:04:04]} Nc2 {[%clk 0:01:23]}
27. Rec1 {[%clk 0:03:58]} Nxa3 {[%clk 0:01:18]} 28. Rxb7 {[%clk 0:03:59]} Nb5
{[%clk 0:01:17]} 29. Rb6 {[%clk 0:03:53]} a4 {[%clk 0:00:25]} 30. Rxc6
{[%clk 0:03:40]} a3 {[%clk 0:00:27]} 31. Rb6 {[%clk 0:03:20]} Nd4
{[%clk 0:00:28]} 32. Bxd4 {[%clk 0:03:15]} exd4 {[%clk 0:00:30]} 33. Ra6
{[%clk 0:03:17]} d3 {[%clk 0:00:27]} 34. Rd1 {[%clk 0:02:42]} Ra8
{[%clk 0:00:29]} 35. d7 {[%clk 0:02:41]} Red8 {[%clk 0:00:25]} 36. Rxa8
{[%clk 0:02:32]} Rxa8 {[%clk 0:00:27]} 37. Rxd3 {[%clk 0:02:25]} a2
{[%clk 0:00:06]} 38. d8=Q+ {[%clk 0:02:24]} Rxd8 {[%clk 0:00:08]} 39. Rxd8+
{[%clk 0:02:26]} Kf7 {[%clk 0:00:10]} 40. Ra8 {[%clk 0:02:28]} a1=Q+
{[%clk 0:00:06]} 41. Rxa1 {[%clk 0:02:29]} Bxa1 {[%clk 0:00:07]} 42. Nxg5+
{[%clk 0:02:31]} Kg6 {[%clk 0:00:04]} 43. c6 {[%clk 0:02:20]} Bd4+
{[%clk 0:00:04]} 44. Kf1 {[%clk 0:02:22]} Bb6 {[%clk 0:00:06]} 45. Ne6
{[%clk 0:02:23]} Kf5 {[%clk 0:00:06]} 46. c7 {[%clk 0:02:25]} 1-0

[Event "I cerrado Memorial Alfonso Pizarroso"]
[Site "Xativa"]
[Date "2018.07.01"]
[Round "5.4"]
[White "Granero Roca, Antonio"]
[Black "Plaskett, H James"]
[Result "0-1"]
[BlackElo "2455"]
[WhiteElo "2390"]
[LiveChessVersion "1.4.8"]

1. d4 {[%clk 0:07:03]} Nf6 {[%clk 0:07:04]} 2. c4 {[%clk 0:07:05]} c6
{[%clk 0:07:04]} 3. Nc3 {[%clk 0:07:06]} d5 {[%clk 0:07:06]} 4. Nf3
{[%clk 0:07:01]} e6 {[%clk 0:07:08]} 5. e3 {[%clk 0:06:58]} Nbd7 {[%clk 0:07:10]}
6. Qc2 {[%clk 0:06:59]} Bd6 {[%clk 0:07:06]} 7. Be2 {[%clk 0:07:00]} O-O
{[%clk 0:07:05]} 8. O-O {[%clk 0:07:01]} Qe7 {[%clk 0:07:05]} 9. e4
{[%clk 0:07:00]} dxe4 {[%clk 0:07:03]} 10. Nxe4 {[%clk 0:07:01]} Nxe4
{[%clk 0:07:05]} 11. Qxe4 {[%clk 0:07:02]} e5 {[%clk 0:06:45]} 12. Bg5
{[%clk 0:06:39]} f6 {[%clk 0:06:41]} 13. Bh4 {[%clk 0:06:33]} g5 {[%clk 0:06:35]}
14. dxe5 {[%clk 0:06:18]} gxh4 {[%clk 0:04:54]} 15. Qg4+ Kh8 16. exd6
{[%clk 0:06:09]} Qxe2 {[%clk 0:04:58]} 17. Rae1 {[%clk 0:05:59]} Ne5
{[%clk 0:04:55]} 18. Qf4 {[%clk 0:03:54]} Nxf3+ {[%clk 0:02:27]} 19. gxf3
{[%clk 0:03:54]} Qd3 {[%clk 0:02:17]} 20. Kh1 {[%clk 0:02:32]} Qf5
{[%clk 0:02:15]} 21. Qe4 {[%clk 0:01:51]} Bd7 {[%clk 0:02:03]} 22. Rg1
{[%clk 0:01:48]} Rae8 {[%clk 0:01:49]} 23. Qxf5 {[%clk 0:01:45]} Bxf5
{[%clk 0:01:50]} 24. c5 {[%clk 0:01:46]} Bd7 {[%clk 0:01:41]} 25. Re3
{[%clk 0:01:38]} Re5 {[%clk 0:01:26]} 26. b4 {[%clk 0:01:32]} Rfe8
{[%clk 0:01:25]} 27. Rge1 {[%clk 0:01:29]} h3 {[%clk 0:01:26]} 28. Kg1
{[%clk 0:01:15]} Kg7 {[%clk 0:01:20]} 29. f4 {[%clk 0:01:13]} Rxe3
{[%clk 0:01:22]} 30. fxe3 {[%clk 0:01:15]} Re4 {[%clk 0:01:22]} 31. a3
{[%clk 0:01:15]} Kf7 {[%clk 0:01:24]} 32. Kf2 {[%clk 0:01:17]} h5
{[%clk 0:01:23]} 33. Kf3 {[%clk 0:01:15]} Rc4 {[%clk 0:01:16]} 34. e4
{[%clk 0:01:00]} Rc3+ {[%clk 0:01:16]} 35. Re3 {[%clk 0:00:39]} Bg4+
{[%clk 0:01:16]} 36. Kf2 {[%clk 0:00:41]} Rc2+ {[%clk 0:01:18]} 37. Kg3
{[%clk 0:00:43]} Rg2+ {[%clk 0:01:19]} 38. Kh4 {[%clk 0:00:45]} Rxh2
{[%clk 0:01:21]} 39. e5 {[%clk 0:00:45]} Rd2 {[%clk 0:01:20]} 40. exf6
{[%clk 0:00:36]} h2 {[%clk 0:01:20]} 41. Re1 {[%clk 0:00:34]} Kxf6
{[%clk 0:01:11]} 42. Kg3 {[%clk 0:00:28]} Rd1 {[%clk 0:01:10]} 43. Rxd1
{[%clk 0:00:23]} Bxd1 {[%clk 0:01:12]} 44. Kxh2 {[%clk 0:00:25]} Bg4
{[%clk 0:01:12]} 45. Kg3 {[%clk 0:00:27]} b6 {[%clk 0:00:40]} 46. Kh4
{[%clk 0:00:28]} bxc5 {[%clk 0:00:42]} 47. bxc5 {[%clk 0:00:30]} a5
{[%clk 0:00:42]} 48. Kg3 {[%clk 0:00:26]} Ke6 {[%clk 0:00:37]} 49. Kh4
{[%clk 0:00:27]} Kd5 {[%clk 0:00:34]} 50. f5 {[%clk 0:00:16]} Bxf5
{[%clk 0:00:31]} 51. Kxh5 {[%clk 0:00:18]} Kxc5 {[%clk 0:00:33]} 52. Kg5
{[%clk 0:00:20]} Bd7 {[%clk 0:00:35]} 0-1

[Event "I cerrado Memorial Alfonso Pizarroso"]
[Site "Xativa"]
[Date "2018.07.01"]
[Round "5.5"]
[White "Torres Sanchez, Jose"]
[Black "Diaz Velandia, Jose Manuel"]
[Result "0-1"]
[BlackElo "2359"]
[WhiteElo "2357"]
[LiveChessVersion "1.4.8"]

1. d4 {[%clk 0:07:05]} d5 {[%clk 0:07:05]} 2. Bg5 {[%clk 0:07:06]} h6
{[%clk 0:07:07]} 3. Bf4 {[%clk 0:07:06]} Nf6 {[%clk 0:07:08]} 4. e3
{[%clk 0:06:59]} e6 {[%clk 0:07:10]} 5. Nf3 {[%clk 0:06:54]} Nh5 {[%clk 0:06:55]}
6. Be5 {[%clk 0:06:54]} Nd7 {[%clk 0:06:55]} 7. Bd3 {[%clk 0:06:49]} Nxe5
{[%clk 0:06:44]} 8. dxe5 {[%clk 0:06:48]} g6 {[%clk 0:06:29]} 9. O-O
{[%clk 0:06:33]} Be7 {[%clk 0:06:24]} 10. c4 {[%clk 0:05:55]} O-O
{[%clk 0:06:19]} 11. Nc3 {[%clk 0:05:55]} c6 {[%clk 0:06:16]} 12. Qc2
{[%clk 0:05:46]} Ng7 {[%clk 0:06:10]} 13. Rad1 {[%clk 0:05:40]} Bd7
{[%clk 0:06:08]} 14. e4 {[%clk 0:05:25]} dxc4 {[%clk 0:06:04]} 15. Bxc4
{[%clk 0:05:26]} Qc7 {[%clk 0:06:00]} 16. Qd2 {[%clk 0:05:27]} Rad8
{[%clk 0:05:45]} 17. Qxh6 {[%clk 0:05:28]} b5 {[%clk 0:05:43]} 18. Bb3
{[%clk 0:05:18]} c5 {[%clk 0:05:23]} 19. Ng5 {[%clk 0:04:41]} Bxg5
{[%clk 0:05:24]} 20. Qxg5 {[%clk 0:04:43]} c4 {[%clk 0:05:16]} 21. Bc2
{[%clk 0:04:44]} b4 {[%clk 0:04:52]} 22. Ne2 {[%clk 0:04:46]} Bb5
{[%clk 0:04:51]} 23. Nd4 {[%clk 0:04:24]} Ba6 {[%clk 0:03:10]} 24. Nf3
{[%clk 0:03:35]} b3 {[%clk 0:02:38]} 25. axb3 {[%clk 0:02:57]} cxb3
{[%clk 0:02:39]} 26. Bxb3 {[%clk 0:03:00]} Bxf1 {[%clk 0:02:37]} 27. Rxf1
{[%clk 0:02:55]} Rd3 {[%clk 0:02:11]} 28. Qh6 {[%clk 0:02:32]} Rxf3
{[%clk 0:02:13]} 29. gxf3 {[%clk 0:02:34]} Qxe5 {[%clk 0:02:13]} 30. Qe3
{[%clk 0:02:05]} Qxb2 {[%clk 0:02:12]} 31. f4 {[%clk 0:02:00]} a5
{[%clk 0:01:58]} 32. Rd1 {[%clk 0:01:37]} Rb8 {[%clk 0:01:52]} 33. Ba4
{[%clk 0:01:36]} Qb4 {[%clk 0:01:36]} 34. Rd4 {[%clk 0:01:34]} Qb1+
{[%clk 0:01:32]} 35. Bd1 {[%clk 0:01:29]} Qb6 {[%clk 0:01:22]} 36. Kg2 Ne8
{[%clk 0:01:22]} 37. Bf3 {[%clk 0:01:12]} Ng7 {[%clk 0:01:14]} 38. Be2
{[%clk 0:01:08]} Ra8 {[%clk 0:00:46]} 39. Bd1 {[%clk 0:01:10]} Qc7
{[%clk 0:00:42]} 40. Kf3 {[%clk 0:00:58]} e5 {[%clk 0:00:42]} 41. fxe5
{[%clk 0:00:56]} Qxe5 {[%clk 0:00:43]} 42. Rd5 {[%clk 0:00:57]} Qf6+
{[%clk 0:00:45]} 43. Qf4 {[%clk 0:00:45]} Qc3+ {[%clk 0:00:39]} 44. Qe3
{[%clk 0:00:45]} Qc7 {[%clk 0:00:39]} 45. Kg2 {[%clk 0:00:43]} Ne6
{[%clk 0:00:40]} 46. Kg1 {[%clk 0:00:42]} a4 {[%clk 0:00:39]} 47. Rd3
{[%clk 0:00:36]} Qc4 {[%clk 0:00:30]} 48. Ra3 {[%clk 0:00:34]} Qb4
{[%clk 0:00:31]} 49. f3 {[%clk 0:00:28]} Nc5 {[%clk 0:00:25]} 50. Kg2
{[%clk 0:00:21]} Ne6 {[%clk 0:00:27]} 51. f4 {[%clk 0:00:19]} Nxf4+
{[%clk 0:00:29]} 52. Kf3 {[%clk 0:00:22]} Ne6 {[%clk 0:00:28]} 53. h4
{[%clk 0:00:22]} Ra5 {[%clk 0:00:27]} 54. Qc3 {[%clk 0:00:15]} Qxc3+
{[%clk 0:00:14]} 55. Rxc3 {[%clk 0:00:18]} a3 {[%clk 0:00:16]} 56. Rc1
{[%clk 0:00:17]} a2 {[%clk 0:00:18]} 57. Ra1 {[%clk 0:00:19]} Ra3+
{[%clk 0:00:17]} 58. Kf2 {[%clk 0:00:20]} Nc5 {[%clk 0:00:19]} 59. Bc2
{[%clk 0:00:21]} Kg7 {[%clk 0:00:19]} 60. Ke2 {[%clk 0:00:23]} Kh6
{[%clk 0:00:14]} 61. Kd2 {[%clk 0:00:25]} Kh5 {[%clk 0:00:15]} 62. Kc1
{[%clk 0:00:28]} Kxh4 63. Kb2 Ra5 {[%clk 0:00:14]} 64. Rh1+ {[%clk 0:00:28]} Kg5
{[%clk 0:00:16]} 65. Ka1 {[%clk 0:00:30]} Kf6 {[%clk 0:00:15]} 66. Rf1+
{[%clk 0:00:31]} Ke7 {[%clk 0:00:17]} 67. Rf3 {[%clk 0:00:30]} f6
{[%clk 0:00:17]} 68. Rh3 {[%clk 0:00:28]} g5 {[%clk 0:00:19]} 69. Rh7+
{[%clk 0:00:27]} Ke6 {[%clk 0:00:21]} 70. Rg7 {[%clk 0:00:26]} Ke5
{[%clk 0:00:23]} 71. Re7+ {[%clk 0:00:28]} Kd4 {[%clk 0:00:25]} 72. Rf7
{[%clk 0:00:28]} Kc3 {[%clk 0:00:26]} 73. Bd1 {[%clk 0:00:23]} Nxe4
{[%clk 0:00:28]} 74. Bf3 {[%clk 0:00:11]} Nd2 {[%clk 0:00:27]} 75. Bd1
{[%clk 0:00:13]} Rf5 {[%clk 0:00:20]} 76. Rc7+ {[%clk 0:00:14]} Kb4
{[%clk 0:00:11]} 77. Rd7 {[%clk 0:00:11]} Nc4 {[%clk 0:00:11]} 78. Kxa2
{[%clk 0:00:11]} Rf2+ {[%clk 0:00:12]} 79. Kb1 {[%clk 0:00:12]} Kc3
{[%clk 0:00:12]} 80. Kc1 {[%clk 0:00:11]} Ra2 {[%clk 0:00:12]} 81. Rb7
{[%clk 0:00:06]} Ra1+ {[%clk 0:00:11]} 82. Rb1 {[%clk 0:00:08]} Rxb1+
{[%clk 0:00:12]} 83. Kxb1 {[%clk 0:00:10]} Kd2 {[%clk 0:00:13]} 84. Bb3
{[%clk 0:00:09]} Ne3 {[%clk 0:00:15]} 85. Be6 {[%clk 0:00:09]} g4
{[%clk 0:00:17]} 0-1

[Event "I cerrado Memorial Alfonso Pizarroso"]
[Site "Xativa"]
[Date "2018.07.01"]
[Round "5.6"]
[White "Galiana Fernandez, Adrian"]
[Black "Sanchez Saez, Francisco"]
[Result "1-0"]
[BlackElo "2332"]
[WhiteElo "2167"]
[LiveChessVersion "1.4.8"]

1. e4 {[%clk 0:07:04]} c5 {[%clk 0:07:05]} 2. Nf3 {[%clk 0:07:04]} d6
{[%clk 0:07:07]} 3. d4 {[%clk 0:07:07]} cxd4 {[%clk 0:07:08]} 4. Nxd4
{[%clk 0:07:09]} Nf6 {[%clk 0:07:08]} 5. Nc3 {[%clk 0:07:11]} g6 {[%clk 0:07:10]}
6. Be3 {[%clk 0:07:12]} Bg7 {[%clk 0:07:11]} 7. Be2 {[%clk 0:07:14]} O-O
{[%clk 0:07:12]} 8. Qd2 {[%clk 0:07:16]} Nc6 {[%clk 0:07:13]} 9. O-O-O
{[%clk 0:07:16]} Ng4 {[%clk 0:05:58]} 10. Bxg4 {[%clk 0:07:17]} Bxg4
{[%clk 0:05:59]} 11. f3 {[%clk 0:07:19]} Be6 {[%clk 0:05:37]} 12. h4
{[%clk 0:07:16]} Nxd4 {[%clk 0:04:28]} 13. Bxd4 {[%clk 0:07:18]} Bxd4
{[%clk 0:04:29]} 14. Qxd4 {[%clk 0:07:19]} Qa5 {[%clk 0:03:57]} 15. h5
{[%clk 0:07:15]} Rac8 {[%clk 0:01:54]} 16. hxg6 {[%clk 0:02:05]} fxg6
{[%clk 0:01:55]} 17. Nd5 {[%clk 0:02:08]} Rf7 {[%clk 0:01:15]} 18. Kb1
{[%clk 0:02:07]} Bxd5 {[%clk 0:01:05]} 19. exd5 {[%clk 0:01:47]} Rc5
{[%clk 0:00:50]} 20. Rhe1 {[%clk 0:00:49]} Qc7 {[%clk 0:00:50]} 21. Rd2
{[%clk 0:00:21]} b5 {[%clk 0:00:52]} 22. Re6 a5 {[%clk 0:00:35]} 23. Rde2
{[%clk 0:00:20]} b4 {[%clk 0:00:21]} 24. Qe4 {[%clk 0:00:22]} a4 {[%clk 0:00:11]}
25. b3 {[%clk 0:00:07]} axb3 {[%clk 0:00:10]} 26. axb3 {[%clk 0:00:08]} Ra5
{[%clk 0:00:07]} 27. Qxb4 {[%clk 0:00:10]} Qa7 {[%clk 0:00:08]} 28. Kc1
{[%clk 0:00:05]} Ra1+ {[%clk 0:00:06]} 29. Kd2 {[%clk 0:00:07]} Ra2
{[%clk 0:00:05]} 30. Qc3 {[%clk 0:00:05]} Qa6 1-0

[Event "I cerrado Memorial Alfonso Pizarroso"]
[Site "Xativa"]
[Date "2018.07.01"]
[Round "5.7"]
[White "Garcia Martin, Marta"]
[Black "Martinez Escandell, Alfonso"]
[Result "1-0"]
[BlackElo "1900"]
[WhiteElo "2320"]
[LiveChessVersion "1.4.8"]

1. e4 {[%clk 0:07:04]} c5 {[%clk 0:07:05]} 2. Nf3 {[%clk 0:07:06]} e6
{[%clk 0:07:08]} 3. c3 {[%clk 0:07:04]} g6 {[%clk 0:07:05]} 4. d4
{[%clk 0:07:01]} cxd4 {[%clk 0:07:07]} 5. cxd4 {[%clk 0:07:03]} Bg7
{[%clk 0:07:08]} 6. Nc3 {[%clk 0:07:03]} Ne7 {[%clk 0:07:07]} 7. Be2
{[%clk 0:06:17]} d5 {[%clk 0:07:07]} 8. e5 {[%clk 0:06:18]} O-O {[%clk 0:07:04]}
9. O-O {[%clk 0:06:19]} Nbc6 {[%clk 0:07:06]} 10. Bg5 {[%clk 0:05:57]} a6
{[%clk 0:06:17]} 11. Qd2 {[%clk 0:05:54]} Bd7 {[%clk 0:06:02]} 12. Rfe1
{[%clk 0:05:26]} Qb6 {[%clk 0:05:58]} 13. Na4 {[%clk 0:04:58]} Qc7
{[%clk 0:05:18]} 14. Rac1 {[%clk 0:04:34]} Rfe8 {[%clk 0:04:47]} 15. Nc5
{[%clk 0:04:16]} Bc8 {[%clk 0:04:34]} 16. h4 {[%clk 0:03:44]} Qa5
{[%clk 0:04:28]} 17. Qf4 {[%clk 0:02:11]} Nf5 {[%clk 0:03:52]} 18. g4
{[%clk 0:01:59]} h6 {[%clk 0:03:18]} 19. Bf6 {[%clk 0:01:15]} Nfe7
{[%clk 0:02:24]} 20. Bxg7 {[%clk 0:01:16]} Kxg7 {[%clk 0:02:25]} 21. Qf6+
{[%clk 0:01:16]} Kg8 {[%clk 0:02:27]} 22. h5 {[%clk 0:01:04]} Qd8
{[%clk 0:02:15]} 23. Bd3 {[%clk 0:00:41]} Rf8 {[%clk 0:01:52]} 24. Kh2
{[%clk 0:00:14]} Kh7 {[%clk 0:01:54]} 25. Rg1 {[%clk 0:00:10]} b6
{[%clk 0:01:25]} 26. Na4 {[%clk 0:00:11]} Nb4 {[%clk 0:01:11]} 27. Bb1
{[%clk 0:00:11]} Rb8 {[%clk 0:00:35]} 28. a3 {[%clk 0:00:13]} Bd7
{[%clk 0:00:30]} 29. Nc3 {[%clk 0:00:11]} Nbc6 {[%clk 0:00:31]} 30. Ne2
{[%clk 0:00:11]} Na5 {[%clk 0:00:28]} 31. Nf4 {[%clk 0:00:10]} Nf5
{[%clk 0:00:29]} 32. gxf5 {[%clk 0:00:10]} Qxf6 {[%clk 0:00:31]} 33. exf6
{[%clk 0:00:12]} g5 {[%clk 0:00:19]} 34. fxe6+ {[%clk 0:00:11]} Bxe6
{[%clk 0:00:20]} 35. Nxe6+ {[%clk 0:00:13]} fxe6 {[%clk 0:00:22]} 36. Rc7+
{[%clk 0:00:13]} Kh8 {[%clk 0:00:22]} 37. Rh7+ {[%clk 0:00:07]} Kg8
{[%clk 0:00:21]} 38. Rxh6 {[%clk 0:00:08]} Kf7 {[%clk 0:00:17]} 39. Rxg5
{[%clk 0:00:07]} Ke8 {[%clk 0:00:15]} 40. Ne5 {[%clk 0:00:09]} Nc4
{[%clk 0:00:15]} 41. Nxc4 {[%clk 0:00:10]} dxc4 {[%clk 0:00:17]} 42. Rg7
{[%clk 0:00:11]} b5 {[%clk 0:00:15]} 43. Be4 {[%clk 0:00:13]} b4 {[%clk 0:00:13]}
44. Bc6+ {[%clk 0:00:14]} Kd8 {[%clk 0:00:16]} 45. Rd7+ {[%clk 0:00:14]} Kc8
{[%clk 0:00:18]} 46. axb4 {[%clk 0:00:12]} Rxb4 {[%clk 0:00:17]} 47. Rhh7
{[%clk 0:00:09]} Rxb2 {[%clk 0:00:16]} 48. Rc7+ {[%clk 0:00:09]} Kb8
{[%clk 0:00:15]} 49. Rb7+ {[%clk 0:00:12]} Rxb7 {[%clk 0:00:16]} 50. Rxb7+
{[%clk 0:00:14]} Kc8 {[%clk 0:00:18]} 51. f7 {[%clk 0:00:11]} c3 {[%clk 0:00:20]}
52. Ra7 {[%clk 0:00:04]} c2 {[%clk 0:00:16]} 53. Ra8+ {[%clk 0:00:06]} Kc7
{[%clk 0:00:19]} 54. Rxf8 {[%clk 0:00:08]} c1=Q {[%clk 0:00:20]} 55. Rc8+
{[%clk 0:00:08]} Kxc8 {[%clk 0:00:20]} 56. f8=Q+ {[%clk 0:00:09]} Kc7
{[%clk 0:00:22]} 57. Bg2 {[%clk 0:00:06]} Qg5 {[%clk 0:00:14]} 58. Qc5+
{[%clk 0:00:06]} Qxc5 {[%clk 0:00:14]} 59. dxc5 {[%clk 0:00:09]} a5
{[%clk 0:00:15]} 60. h6 {[%clk 0:00:07]} a4 {[%clk 0:00:17]} 61. h7
{[%clk 0:00:09]} 1-0

[Event "I cerrado Memorial Alfonso Pizarroso"]
[Site "Xativa"]
[Date "2018.07.01"]
[Round "6.1"]
[White "Uran Bermudez, Oliver Kevin"]
[Black "Plaskett, H James"]
[Result "0-1"]
[BlackElo "2455"]
[WhiteElo "2076"]
[LiveChessVersion "1.4.8"]

1. d4 {[%clk 0:07:03]} Nf6 {[%clk 0:07:04]} 2. Nf3 {[%clk 0:07:04]} b6
{[%clk 0:07:05]} 3. e3 {[%clk 0:07:01]} Bb7 {[%clk 0:07:07]} 4. Bd3
{[%clk 0:07:02]} c5 {[%clk 0:07:07]} 5. Nbd2 {[%clk 0:07:01]} e6 {[%clk 0:07:03]}
6. O-O {[%clk 0:06:58]} Qc7 {[%clk 0:06:59]} 7. c3 {[%clk 0:06:53]} Nc6
{[%clk 0:06:43]} 8. Re1 {[%clk 0:06:45]} Rc8 {[%clk 0:06:40]} 9. Nf1
{[%clk 0:06:32]} d5 {[%clk 0:06:35]} 10. Ng3 {[%clk 0:06:24]} Bd6
{[%clk 0:06:35]} 11. Qe2 {[%clk 0:06:01]} O-O {[%clk 0:06:30]} 12. dxc5
{[%clk 0:05:17]} bxc5 {[%clk 0:06:00]} 13. e4 {[%clk 0:04:46]} Bxg3
{[%clk 0:03:58]} 14. hxg3 {[%clk 0:04:47]} Nxe4 {[%clk 0:03:58]} 15. Bxe4
{[%clk 0:04:48]} dxe4 {[%clk 0:04:00]} 16. Qxe4 {[%clk 0:04:49]} Nd4
{[%clk 0:03:58]} 17. Qd3 {[%clk 0:04:47]} Nxf3+ {[%clk 0:03:52]} 18. gxf3
{[%clk 0:04:47]} Rfd8 {[%clk 0:03:54]} 19. Qe2 {[%clk 0:04:10]} Qc6
{[%clk 0:03:42]} 20. Kg2 {[%clk 0:03:03]} Rd5 {[%clk 0:03:33]} 21. Rd1
{[%clk 0:01:20]} Re5 {[%clk 0:03:12]} 22. Be3 {[%clk 0:00:53]} Rf5
{[%clk 0:03:14]} 23. Rd2 {[%clk 0:00:08]} Rxf3 {[%clk 0:03:13]} 24. Kh2
{[%clk 0:00:07]} Rf6 {[%clk 0:02:53]} 25. f4 {[%clk 0:00:05]} Rh6+
{[%clk 0:02:51]} 0-1

[Event "I cerrado Memorial Alfonso Pizarroso"]
[Site "Xativa"]
[Date "2018.07.01"]
[Round "6.2"]
[White "Cruz Lledo, Pablo"]
[Black "Granero Roca, Antonio"]
[Result "1-0"]
[BlackElo "2390"]
[WhiteElo "2443"]
[LiveChessVersion "1.4.8"]

1. d4 {[%clk 0:06:06]} Nf6 {[%clk 0:07:04]} 2. c4 {[%clk 0:06:08]} g6
{[%clk 0:07:05]} 3. Nc3 {[%clk 0:06:10]} Bg7 {[%clk 0:07:06]} 4. e4
{[%clk 0:06:12]} d6 {[%clk 0:07:08]} 5. Nge2 {[%clk 0:06:14]} O-O
{[%clk 0:07:08]} 6. f3 {[%clk 0:06:16]} c5 {[%clk 0:07:04]} 7. d5
{[%clk 0:06:18]} Na6 {[%clk 0:06:56]} 8. Be3 {[%clk 0:06:19]} Nc7
{[%clk 0:06:58]} 9. Qd2 {[%clk 0:06:21]} a6 {[%clk 0:06:58]} 10. a4
{[%clk 0:06:23]} Rb8 {[%clk 0:06:59]} 11. Nc1 {[%clk 0:06:25]} Bd7
{[%clk 0:07:00]} 12. a5 {[%clk 0:06:27]} b5 {[%clk 0:07:01]} 13. axb6
{[%clk 0:06:28]} Rxb6 {[%clk 0:07:02]} 14. Be2 {[%clk 0:06:23]} e6
{[%clk 0:07:04]} 15. O-O {[%clk 0:06:17]} exd5 {[%clk 0:07:06]} 16. exd5
{[%clk 0:06:18]} Re8 {[%clk 0:06:55]} 17. Bf2 {[%clk 0:06:17]} Bc8
{[%clk 0:06:34]} 18. Ra2 {[%clk 0:06:18]} Nd7 {[%clk 0:06:36]} 19. b3
{[%clk 0:05:52]} Ne5 {[%clk 0:06:29]} 20. h3 {[%clk 0:05:44]} f5 {[%clk 0:06:30]}
21. f4 {[%clk 0:05:23]} Nf7 {[%clk 0:06:32]} 22. Bd1 {[%clk 0:05:11]} Bd7
{[%clk 0:06:29]} 23. Nd3 {[%clk 0:04:57]} Qf6 {[%clk 0:06:16]} 24. Na4
{[%clk 0:04:48]} Bxa4 {[%clk 0:06:13]} 25. Rxa4 {[%clk 0:04:47]} Qc3
{[%clk 0:05:37]} 26. Qxc3 {[%clk 0:04:12]} Bxc3 {[%clk 0:05:38]} 27. Be1
{[%clk 0:04:10]} Bd4+ {[%clk 0:05:24]} 28. Bf2 {[%clk 0:04:12]} Bc3
{[%clk 0:04:54]} 29. Be1 {[%clk 0:04:14]} Bd4+ {[%clk 0:04:46]} 30. Bf2
{[%clk 0:04:14]} Bc3 {[%clk 0:04:45]} 31. Ra2 {[%clk 0:03:15]} Re7
{[%clk 0:04:33]} 32. Be1 {[%clk 0:03:16]} Bd4+ {[%clk 0:04:21]} 33. Bf2
{[%clk 0:03:18]} Bc3 {[%clk 0:04:21]} 34. g3 {[%clk 0:03:11]} Ne8
{[%clk 0:04:17]} 35. Nxc5 {[%clk 0:02:59]} dxc5 {[%clk 0:04:15]} 36. Bxc5
{[%clk 0:03:01]} Rbb7 {[%clk 0:04:13]} 37. Bxe7 {[%clk 0:02:22]} Rxe7
{[%clk 0:04:14]} 38. Kg2 {[%clk 0:02:24]} a5 {[%clk 0:04:09]} 39. c5
{[%clk 0:02:06]} Bb4 {[%clk 0:03:54]} 40. d6 {[%clk 0:01:58]} Ra7
{[%clk 0:03:36]} 41. Rc2 {[%clk 0:01:59]} Nf6 {[%clk 0:03:31]} 42. Bf3
{[%clk 0:01:56]} Kf8 {[%clk 0:03:12]} 43. Rd1 {[%clk 0:01:41]} Ke8
{[%clk 0:03:03]} 44. g4 {[%clk 0:01:29]} Kd8 {[%clk 0:03:00]} 45. g5
{[%clk 0:01:21]} Ne4 {[%clk 0:03:01]} 46. Bxe4 {[%clk 0:01:16]} fxe4
{[%clk 0:03:03]} 47. Rd4 {[%clk 0:01:14]} e3 {[%clk 0:03:00]} 48. Kf3
{[%clk 0:01:16]} Ra6 {[%clk 0:02:33]} 49. Kxe3 {[%clk 0:01:15]} Rc6
{[%clk 0:02:31]} 50. Rd5 {[%clk 0:01:06]} Kd7 {[%clk 0:02:32]} 51. Ke4
{[%clk 0:00:58]} Nd8 {[%clk 0:02:23]} 52. f5 {[%clk 0:00:43]} gxf5+
{[%clk 0:02:24]} 53. Rxf5 {[%clk 0:00:43]} Ne6 {[%clk 0:02:24]} 54. Rf7+
{[%clk 0:00:33]} Kd8 {[%clk 0:02:25]} 55. Kd5 {[%clk 0:00:34]} Nxg5
{[%clk 0:01:54]} 56. Rg7 {[%clk 0:00:25]} Nf3 {[%clk 0:01:45]} 57. Rg8+
{[%clk 0:00:18]} Kd7 {[%clk 0:01:45]} 58. Rg7+ {[%clk 0:00:20]} Kd8
{[%clk 0:01:48]} 59. Kxc6 {[%clk 0:00:20]} Nd4+ {[%clk 0:01:50]} 60. Kd5
{[%clk 0:00:21]} Nxc2 {[%clk 0:01:50]} 61. c6 {[%clk 0:00:23]} Ne3+
{[%clk 0:01:48]} 62. Ke6 {[%clk 0:00:25]} 1-0